Discovering Statistics Using IMB SPSS Statistics (Record no. 349391)
[ view plain ]
| 000 -LEADER | |
|---|---|
| fixed length control field | 00385nam a22001577a 4500 |
| 003 - CONTROL NUMBER IDENTIFIER | |
| control field | OSt |
| 005 - DATE AND TIME OF LATEST TRANSACTION | |
| control field | 20180116182948.0 |
| 008 - FIXED-LENGTH DATA ELEMENTS--GENERAL INFORMATION | |
| fixed length control field | 131008b xxu||||| |||| 00| 0 eng d |
| 040 ## - CATALOGING SOURCE | |
| Transcribing agency | 0 |
| 082 ## - DEWEY DECIMAL CLASSIFICATION NUMBER | |
| Edition number | 4th |
| Classification number | 300.285555 FIE 2013 |
| 100 ## - MAIN ENTRY--PERSONAL NAME | |
| Personal name | Andy Field |
| 245 ## - TITLE STATEMENT | |
| Title | Discovering Statistics Using IMB SPSS Statistics |
| Statement of responsibility, etc. | Andy Field |
| 260 ## - PUBLICATION, DISTRIBUTION, ETC. | |
| Date of publication, distribution, etc. | 2013 |
| 300 ## - PHYSICAL DESCRIPTION | |
| Extent | 914p. |
| 942 ## - ADDED ENTRY ELEMENTS (KOHA) | |
| Source of classification or shelving scheme | |
| Koha item type | Book |
| Withdrawn status | Lost status | Source of classification or shelving scheme | Damaged status | Not for loan | Collection code | Permanent Location | Current Location | Shelving location | Date acquired | Total Checkouts | Full call number | Barcode | Date last seen | Date last checked out | Price effective from | Koha item type |
|---|---|---|---|---|---|---|---|---|---|---|---|---|---|---|---|---|
| Central Library (CL) | Central Library (CL) | General Stacks | 10/08/2013 | 1 | 300.285555 FIE 2013 | NBSPS-6 | 11/09/2013 | 10/09/2013 | 10/08/2013 | Book | ||||||
| Central Library (CL) | Central Library (CL) | General Stacks | 10/08/2013 | 300.285555 FIE 2013 | NBSPS-07 | 10/08/2013 | 10/08/2013 | Book | ||||||||
| Central Library (CL) | Central Library (CL) | General Stacks | 10/08/2013 | 300.285555 FIE 2013 | NBSPS-08 | 10/08/2013 | 10/08/2013 | Book | ||||||||
| Central Library (CL) | Central Library (CL) | General Stacks | 10/08/2013 | 300.285555 FIE 2013 | NBSPS-09 | 10/08/2013 | 10/08/2013 | Book | ||||||||
| Central Library (CL) | Central Library (CL) | General Stacks | 10/08/2013 | 2 | 300.285555 FIE 2013 | NBSPS-10 | 01/13/2015 | 01/13/2015 | 10/08/2013 | Book |
